| 000 | 01103njm a2200265 i 4500 | ||
|---|---|---|---|
| 001 | 4687 | ||
| 003 | ES-MaACL | ||
| 005 | 20250823063025.0 | ||
| 007 | s|r||||||||||| | ||
| 008 | 070807s1967 sp ||| g ||||||||1|nspa d | ||
| 100 | 1 |
_aTejada, José Luis, _d1927-1988 _9109557 |
|
| 245 | 1 | 0 |
_aJosé Luis Tejada, selección de poemas y resumen crítico _h[Grabación sonora] / _cinterviene José Luis Tejada. |
| 260 |
_aMadrid : _bAteneo de Madrid, _c1967. |
||
| 300 |
_a1 disco (CD-DA) (20 min.) ; _c12 cm. |
||
| 490 | 1 | _aLecturas poéticas | |
| 500 | _aDatos basados en la invitación. | ||
| 518 | _aActo organizado por el Aula de Literatura del Ateneo de Madrid, grabado el jueves 2 de noviembre de 1967. | ||
| 600 | 1 | 4 |
_aTejada, José Luis, _d1927-1988- _xCrítica e interpretación _9109558 |
| 610 | 2 | 4 |
_aAteneo de Madrid- _xActos culturales- _y1967- _vGrabaciones sonoras. _91881 |
| 710 | 2 |
_aAteneo de Madrid. _bAula de Poesía. _91949 |
|
| 830 | 0 | 0 |
_aLecturas poéticas (Ateneo de Madrid) _9177095 |
| 852 |
_aES-MaACL _jROT 3/3/14 _94804 _cROT |
||
| 942 | _2udc | ||
| 999 |
_c4687 _d4687 |
||